00714nam a2200241 a 4500001001300000003000900013005001700022008004100039020000900080082001600089100003000105245002100135260005400156300000900210500003500219505002200254650002100276700003000297902000800327942000700335952011500342999001500457nice12345678IN_TiNIC20260116012437.0050524s1979 hyda grp 000 0 urd  ac2000a297.4bQAD4 aQadeer, Khaja S M Badshah aGulzaar-E-Qadeer aHyderabad bMarkazi Anjuman Taleemus Salat c1979 a504p aincludes index and biblioraphy2 apope john paul II aSufism-Doctrines1 aQadeer, Khaja S M Badshah bSRS cBK 001040708StackRoom-aHMIbHMId2007-09-27g20.00l0o297.4 QAD4p012959r2007-09-27v20.00w2005-05-24yBK c7050d7050